000 00506nam a2200157 i 4500
001 149865
003 ES-MaACL
007 t|
008 071024s1967 mx ||||1| spa d
100 1 _aWallace, Lewis.
_9115952
245 1 0 _aBen Hur
_b: novela histórica /
_cpor Lewis Wallace ; versión de Luis Carlos Viada y Lluch.
260 _aMéxico :
_bEditora Nacional,
_c[1967]
300 _a469 p. :
_bil. ;
_c17 cm.
700 1 _aViada y Lluch, Luis Carlos.
_9114255
852 _aES-MaACL
_jE-9349
_bR.94154
999 _c149865
_d149865